|
|
|
|
| LEADER |
00782nab a2200193 i 4500 |
| 001 |
tisza4598 |
| 005 |
20200330124101.0 |
| 008 |
170529s1967 hu o 0|| hun d |
| 022 |
|
|
|a 0133-1167
|
| 040 |
|
|
|a SZTE Tiszatáj Archívum
|b hun
|
| 041 |
|
|
|a hun
|
| 100 |
1 |
|
|a Kulcsár Péter
|
| 245 |
1 |
2 |
|a A szegedi munkásmozgalom történetéből — Gaál Endre
|h [elektronikus dokumentum] :
|b A szegedi ipari munkásság 1905—1906. évi szakszervezeti mozgalmának főbb kérdései : [könyvismertetés] /
|c Kulcsár Péter
|
| 260 |
|
|
|c 1967
|
| 300 |
|
|
|a 315-316
|
| 490 |
0 |
|
|a Tiszatáj
|v 21 No. 3
|
| 695 |
|
|
|a Munkásmozgalom - Szeged - 1905-1906 - könyvismertetés
|
| 700 |
0 |
1 |
|a Gaál Endre
|
| 856 |
4 |
0 |
|u http://tiszataj.bibl.u-szeged.hu/4598/1/tiszataj_1967_003_315-316.pdf
|z Dokumentum-elérés
|